000 00466nam a2200181Ia 4500
008 230917s9999||||xx |||||||||||||| ||und||
020 _cGBP72.99
040 _e249114
_aMAIN
041 _aEnglish
082 _a363.2 C812P(9)
100 _aCordner, Gary W
245 0 _aPolice administration
250 _a9th ed.
260 _aNew York
_bRoutledge
_c2016
300 _axi, 515 p.
500 _a3208 30/07/2018 RBP18/71942 14/08/2018 Main Budget
942 _cBK
999 _c27606
_d27606